00446pab a2200145 454500008004000000100003300040245007800073260000900151300001300160362001100173650004200184650002200226700001800248773003400266180718b2015 xxu||||| |||| 00| 0 eng d aBalkrishnan, Krishnachandran aSub-cities of Bengaluru: urban heterogeneity through empirical typologies c2015 ap.63-72. a30 May aUrban development - India - Karnataka aUrban development aAnand, Shriya aEconomic and Political Weekly